|
|
|
|
| LEADER |
00951nam a2200241 a 4500 |
| 001 |
4550821 |
| 008 |
100111s1972 mdua bs 000 0 eng |
| 010 |
|
|
|a 72004032
|
| 020 |
|
|
|a 0801814480
|
| 020 |
|
|
|a 0801814499 (pbk.)
|
| 040 |
|
|
|a DLC
|c DLC
|d DLC
|d BD-DhAAL
|
| 082 |
0 |
0 |
|a 332.1/53
|
| 110 |
2 |
|
|a World Bank.
|
| 245 |
1 |
0 |
|a World Bank operations;
|b sectoral programs & policies.
|
| 260 |
|
|
|a Baltimore :
|b Published for the International Bank for Reconstruction and Development by the Johns Hopkins University Press,
|c 1972.
|
| 300 |
|
|
|a xiii, 513 p. :
|b illus. ;
|c 24 cm.
|
| 504 |
|
|
|a Includes bibliographical references.
|
| 541 |
1 |
|
|e 00004600
|
| 650 |
|
0 |
|a Economic development.
|
| 650 |
|
0 |
|a International finance.
|
| 852 |
4 |
|
|a Ayesha Abed Library
|j General Shelf.
|
| 999 |
|
|
|c 6878
|d 6878
|
| 952 |
|
|
|0 0
|1 0
|2 ddc
|4 0
|6 332_153000000000000_WOR_1972
|7 0
|9 7089
|a BRACUL
|b BRACUL
|c GEN
|d 2010-01-12
|g 544.50
|l 0
|o 332.153 WOR
|p 3010004600
|r 2010-01-12
|t 1
|w 2010-01-12
|y BK
|